Kúpeľníctvo v domácom turizme na Slovensku

Kúpeľníctvo v turizme a terminológia. Kúpeľníctvo, prírodná minerálna voda a vhodné klimatické prostredie. Kúpeľníctvo v turizme. Wellness a termálne kúpaliská. Kúpeľné miesta v turistických regiónoch. Regionálna investičná pomoc v kúpeľníctve. Geoturistika v kúpeľníctve.

Enregistré dans:
Détails bibliographiques
Auteur principal: Kerekeš, Juraj
Format: Chapitre de livre
Langue:slovaque
Sujets:
Tags: Ajouter un tag
Pas de tags, Soyez le premier à ajouter un tag!

MARC

LEADER 00000nla a2200000 4500
001 0240510
005 20240417075132.2
041 0 |a slo 
044 |a SK 
245 1 0 |a Kúpeľníctvo v domácom turizme na Slovensku  |c Juraj Kerekeš 
520 |a Kúpeľníctvo v turizme a terminológia. Kúpeľníctvo, prírodná minerálna voda a vhodné klimatické prostredie. Kúpeľníctvo v turizme. Wellness a termálne kúpaliská. Kúpeľné miesta v turistických regiónoch. Regionálna investičná pomoc v kúpeľníctve. Geoturistika v kúpeľníctve. 
610 2 0 |a ruch cestovný kúpeľný 
610 2 0 |a politika ruchu cestovného 
610 2 0 |a kúpeľníctvo 
610 2 0 |a rozvoj regionálny 
100 1 |a Kerekeš, Juraj